Ο στοχασμός του έξω : για τον Μωρίς Μπλανσό
Saved in:
| Main Author: | |
|---|---|
| Other Authors: | |
| Format: | Book |
| Language: | Greek French |
| Published: |
Αθήνα :
Πλέθρον,
2016.
|
| Edition: | 2η αναθ. έκδ. |
| Series: | Φιλοσοφία (Πλέθρον)
|
| Subjects: | |
| Tags: |
Add Tag
No Tags, Be the first to tag this record!
|
MARC
| LEADER | 00000nam a2200000 a 4500 | ||
|---|---|---|---|
| 001 | 1/113023 | ||
| 008 | 170209s2016####gr | ||| |||| ||gre|| | ||
| 020 | |a 9789603482697 | ||
| 040 | |a GR-MyUa |b gre |c GR-MyUa |e AACR2 | ||
| 041 | 1 | |a gre |h fre | |
| 082 | 7 | |a 194 |2 (23) | |
| 100 | 1 | |a Foucault, Michel, |d 1926-1984. | |
| 245 | 1 | 2 | |a Ο στοχασμός του έξω : |b για τον Μωρίς Μπλανσό / |c Michel Foucault ; μετάφραση: Βασίλης Πατσογιάννης. |
| 250 | |a 2η αναθ. έκδ. | ||
| 260 | |a Αθήνα : |b Πλέθρον, |c 2016. | ||
| 300 | |a 61 σ. ; |c 21 εκ. | ||
| 490 | 1 | |3 (Φιλοσοφία) | |
| 500 | |a Μετάφραση του: La pensee du dehors, πρώτη δημοσίευση στο περιοδικό Critique, 29, 1996, και τώρα στο Dits et ecrits, τόμ. Ι, 1954-1969, Gallimard, 1994. | ||
| 600 | 1 | 0 | |a Blanchot, Maurice |x Criticism and interpretation. |
| 650 | 0 | |a Semantics. | |
| 650 | 0 | |a Philosophy, Modern |y 20th century. | |
| 700 | 1 | |a Πατσογιάννης, Βασίλης, |e trl | |
| 830 | 0 | |a Φιλοσοφία (Πλέθρον) | |
| 852 | |a INST |b LESVOS |c EUDOXUS |e 20170209 |h 194 FOU |p 005100058733 |q 005100058733 |t EDX |y 0 | ||
| 920 | |a Εύδοξος |b Παραγγελία |y Λέσβος-ΤΚ |z 2016-12 | ||
| 970 | |a Τζαφέρη |b Ευαγγελία |z 09-02-2017 | ||